Medagliere Taekwondo ai Giochi Olimpici - Statistics

Statistiche generali
  • Questo quiz è stato fatto 24 volte
  • Il punteggio medio è 7 su 13
Statistiche sulle risposte
Medaglie complessive Medaglie d'Oro Medaglie d'Argento Medaglie di Bronzo Rappresentativa olimpica % Corretto
22 12 3 7 Corea del Sud
93%
11 7 1 3 Cina
87%
10 3 2 5 Stati Uniti
87%
8 0 3 5 Francia
80%
7 2 2 3 Messico
60%
7 1 5 1 Spagna
60%
9 2 3 4 Gran Bretagna
53%
6 1 2 3 Cuba
40%
6 1 2 3 Thailandia
40%
9 2 1 6 Taipei Cinese
33%
10 1 4 5 Turchia
33%
6 2 1 3 Iran
27%
5 1 0 4 Croazia
20%
Nessun quiz corrispondente trovato
Distribuzione punteggi
Percentuale di utenti per punteggio
Percentile per numero di risposta
I tuoi punteggi nel tempo
Non hai fatto questo quiz